Artist by Work - Statistics

General Stats
  • This quiz has been taken 2,484 times
    2,470 since last reset
  • The average score is 17 of 40
Answer Stats
Hint Answer % Correct
Mona Lisa Leonardo da Vinci
99%
David Michelangelo Buonarroti
95%
Starry Night Vincent Van Gogh
95%
The Scream Edvard Munch
89%
Guernica Pablo Picasso
87%
Birth of Venus Sandro Botticelli
87%
Impression, Sunrise Claude Monet
84%
The Thinker Auguste Rodin
82%
The Kiss Gustav Klimt
80%
Girl with a Pearl Earring Johannes Vermeer
79%
Olympia Edouard Manet
71%
The Persistence of Memory Salvador Dali
71%
Third of May 1808 Francisco de Goya
63%
Sunday Afternoon on the Island of la Grande Jatte Georges Seurat
57%
Las Meninas Diego Velazquez
54%
Garden of Earthly Delights Hieronymus Bosch
49%
American Gothic Grant Wood
48%
Marylin Diptych Andy Warhol
47%
Absinthe Edgar Degas
41%
Self Portrait with Thorn Necklace and Hummingbird Frida Kahlo
39%
Autumn Rhythm Jackson Pollock
32%
Arrangement in Grey and Black No. 1 James Abbott McNeill Whistler
31%
The Arnolfini Portrait Jan van Eyck
30%
The Cardsharps Michelangelo Merisi da Caravaggio
30%
Napoleon Crossing the Alps Jacques-Louis David
27%
The Rape of Europa Titian
19%
The Swing Jean-Honore Fragonard
16%
Christina's World Andrew Wyeth
14%
Judith Slaying Holofernes Artemisia Gentileschi
14%
The Laughing Cavalier Frans Hals
12%
Red Poppy Georgia O'Keeffe
12%
Apollo and Daphne Gianlorenzo Bernini
12%
At the Opera Mary Cassat
7%
Portrait of George Washington (The Athenaeum) Gilbert Stuart
6%
Ognissanti Madonna Giotto di Bondone
6%
Dinner Party Judy Chicago
6%
Discobolos Myron
6%
Brook Watson and the Shark John Singleton Copley
5%
The Pont de l'Europe Gustave Caillebotte
2%
Women of Allah Series Shirin Neshat
1%
No matching quizzes found
Score Distribution
Percent of People with Each Score
Percentile by Number Answered
Your Score History
You have not taken this quiz since the last reset